000 00631nam a2200205Ia 4500
003 OSt
005 20220407040902.0
008 151021s9999 xx 000 0 und d
020 _a080390794x
040 _cMMU
_aMMU
_beng
_dMMU
050 _aHB 849.47 .G584 1997
245 _aCohart Analysis Quantitative applications in the social sciences/
_c Norval D. Glenn.
260 _aLondon :
_bSage publications Inc.,
_c1977.
300 _a72 p. :
_bill. ;
500 _aincludes references
500 _aincludes references
650 _a_ Research methods
942 _2lcc
_cLOAN LOAN
980 _a^d20130430 12:33:01^oanne
999 _c12972
_d12972